Loading...
| History - European | 0 | 7 | 0 | 2 | 70 | 26 | 63.86 | 0 | 1 | 26.58 | 29.02 |
| History - Other | 0 | 7 | 0 | 2 | 70 | 14 | 71.86 | 1 | 1 | 21.48 | 23.37 |
| Science - Chemistry | 0 | 6 | 0 | 3 | 60 | 74 | 97.33 | 0 | 0 | 3.94 | 18.71 |
| Fine Arts - Painting and Sculpture | 0 | 5 | 0 | 1 | 50 | 60 | 85.80 | 0 | 1 | 12.34 | 22.61 |
| Science - Biology | 0 | 5 | 0 | 1 | 50 | 53 | 79.80 | 0 | 1 | 11.14 | 15.79 |
| History - American | 0 | 5 | 0 | 0 | 50 | 41 | 71.00 | 1 | 2 | 16.48 | 25.47 |
| Fine Arts - Other | 0 | 5 | 0 | 0 | 50 | 71 | 82.40 | 0 | 2 | 12.49 | 27.16 |
| Literature - European | 0 | 5 | 0 | 1 | 50 | 53 | 94.80 | 0 | 0 | 8.30 | 17.07 |
| Science - Other | 0 | 4 | 0 | 1 | 40 | 45 | 80.50 | 0 | 1 | 10.24 | 17.95 |
| History - World | 0 | 4 | 0 | 0 | 40 | 56 | 70.75 | 0 | 0 | 12.36 | 14.39 |
| Mythology | 0 | 4 | 1 | 0 | 35 | 37 | 62.00 | 0 | 2 | 16.29 | 22.79 |
| Science - Physics | 0 | 3 | 0 | 1 | 30 | 73 | 86.67 | 0 | 0 | 5.13 | 13.11 |
| Geography | 0 | 3 | 0 | 0 | 30 | 62 | 81.00 | 0 | 0 | 14.21 | 27.03 |
| Literature - British | 0 | 3 | 0 | 1 | 30 | 45 | 70.33 | 0 | 0 | 10.64 | 12.24 |
| Philosophy | 0 | 3 | 0 | 3 | 30 | 101 | 104.00 | 0 | 0 | 0.00 | 3.63 |
| Fine Arts - Classical Music | 0 | 3 | 0 | 1 | 30 | 75 | 103.00 | 0 | 0 | 3.55 | 8.28 |
| Religion | 0 | 3 | 0 | 0 | 30 | 68 | 89.67 | 0 | 0 | 5.54 | 10.61 |
| Literature - American | 0 | 3 | 1 | 0 | 25 | 66 | 88.67 | 0 | 0 | 8.15 | 19.11 |
| Literature - World | 0 | 2 | 0 | 0 | 20 | 81 | 85.50 | 0 | 0 | 5.32 | 8.33 |
| Current Events | 0 | 1 | 0 | 1 | 10 | 109 | 109.00 | 0 | 0 | 0.00 | 1.92 |
| Popular Culture | 0 | 1 | 0 | 0 | 10 | 75 | 75.00 | 0 | 0 | 5.89 | 9.72 |
| Social Science | 0 | 1 | 1 | 0 | 5 | 77 | 77.00 | 0 | 0 | 2.58 | 3.85 |